Pytania i odpowiedzi quiz (geografia) - Statystyki

Ogólne statystyki
  • Ten quiz został rozwiązany 53 razy
  • Średni wynik to 6 z 10
Statystyki odpowiedzi
Zagadnienie Odpowiedź % Poprawnych
Stolica Niemiec? Berlin
96%
Kto odkrył Ameryki? Krzysztof Kolumb
91%
Najdłuższa Polska rzeka? Wisła
91%
Ile jest państw na świecie? 195
89%
Ile jest ludzi na świecie? ok. 8 mld
69%
Najbardziej spopularyzowany kraj? (Ludnośc) Indie
64%
Najbiedniejsze państwo? Burundi
56%
W jakiej miesjcowości jest geometryczny środek Polski? Piątek
56%
W jakim mieście odnotowano najniższą temperaturę? (W Polsce) Olecko
22%
Nazwa puszczy, która jest pod Białymstokiem Puszcza Knyszyńska
4%
Nie znaleziono quizów pasujących do podanych kryteriów
Rozkład punktacji
Procent ludzi z każdym wynikiem
Percentyl według liczby udzielonych odpowiedzi
Twoja historia wyników
Nie rozwiązałeś tego quizu